| 000 | 00613nam a2200145Ia 4500 | ||
|---|---|---|---|
| 008 | 090123s9999 xx 000 0 und d | ||
| 082 | _b16084 | ||
| 245 | _aडॉ.बाबासाहेब आंबेडकरांची गाजलेली भाषणे | ||
| 250 | _a0 | ||
| 260 | _bगजानन बुक डेपो | ||
| 300 | _a146 | ||
| 630 | _aडॉ.बाबासाहेब आंबेडकरांची गाजलेली भाषणे | ||
| 730 | _aडॉ.बाबासाहेब आंबेडकरांची गाजलेली भाषणे | ||
| 942 | _cBOOK | ||
| 999 |
_c54147 _d54147 |
||